000 00444nam a2200181Ia 4500
005 20240823060454.0
008 240823s9999||||xx |||||||||||||| ||und||
041 _aENGLISH
082 _A621.382 Q6
100 _a"Haykin,Simon"
245 0 _aCommunication Systems
250 _a4th
260 _c2016
_bWiley India Pv
_aNew Delhi
500 _aTRANSFERED
650 _aCommunication Systems
_bElectronics
942 _cBK
999 _c231213
_d231213